Every Mortal Kombat Character (by Image) - Statistics

General Stats
  • This quiz has been taken 541 times
  • The average score is 59 of 94
Answer Stats
Picture Hint Answer % Correct
Mortal Kombat Johnny Cage
98%
Mortal Kombat Scorpion
95%
Mortal Kombat Raiden
94%
Mortal Kombat Kano
93%
Mortal Kombat Liu Kang
93%
Mortal Kombat Sub-Zero
93%
Mortal Kombat Sonya
91%
Mortal Kombat II Baraka
89%
Mortal Kombat II Jax
88%
Mortal Kombat II Kitana
88%
Mortal Kombat (Unplayable) Goro
87%
Mortal Kombat II Kung Lao
86%
Mortal Kombat (Unplayable) Reptile
86%
Mortal Kombat II (Unplayable) Jade
85%
Mortal Kombat II Mileena
85%
Mortal Kombat II (Unplayable) Smoke
85%
Mortal Kombat (Unplayable) Shang Tsung
84%
Mortal Kombat II (Unplayable) Noob Saibot
79%
Ultimate Mortal Kombat 3 Ermac
78%
Mortal Kombat 3 Kabal
77%
Mortal Kombat 3 Nightwolf
77%
Ultimate Mortal Kombat 3 Rain
77%
Mortal Kombat 3 Sindel
77%
Mortal Kombat 3 Cyrax
75%
Mortal Kombat: Deadly Alliance Frost
75%
Mortal Kombat (2011) (Guest) Freddy Krueger
74%
Mortal Kombat II (Unplayable) Shao Kahn
74%
Mortal Kombat 3 Sektor
73%
Mortal Kombat 11 (Guest) The Joker
73%
Mortal Kombat (2011) (Guest) Kratos
72%
Mortal Kombat 4 Quan Chi
72%
Mortal Kombat 3 Sheeva
71%
Mortal Kombat X Cassie Cage
70%
Mortal Kombat: Deadly Alliance Kenshi
70%
Mortal Kombat 3 Stryker
70%
Mortal Kombat 11 (Guest) Rambo
69%
Mortal Kombat 11 (Guest) Robocop
69%
Mortal Kombat X (Guest) Predator
68%
Mortal Kombat 4 Fujin
67%
Mortal Kombat 1 (Guest) Ghostface
67%
Mortal Kombat 4 Shinnok
67%
Mortal Kombat 1 (Guest) Homelander
66%
Mortal Kombat II (Unplayable) Kintaro
66%
Mortal Kombat X (Guest) Leatherface
66%
Mortal Kombat 11 (Guest) Spawn
66%
Mortal Kombat X Erron Black
65%
Mortal Kombat 1 (Guest) Omni-Man
65%
Mortal Kombat 4 Tanya
65%
Mortal Kombat X D’Vorah
64%
Mortal Kombat X Kotal Kahn
64%
Mortal Kombat (2011) Skarlet
64%
Mortal Kombat: Deadly Alliance Bo Rai Cho
63%
Mortal Kombat 3 (Unplayable) Motaro
63%
Mortal Kombat 1 (Guest) Peacemaker
63%
Mortal Kombat 11 Geras
60%
Mortal Kombat X Jacqui
60%
Mortal Kombat 11 Kollector
59%
Mortal Kombat X Takeda
59%
Mortal Kombat X Tremor
59%
Mortal Kombat Trilogy Khameleon
57%
Mortal Kombat 4 Meat
57%
Mortal Kombat 4 Reiko
57%
Mortal Kombat Trilogy Chameleon
56%
Mortal Kombat X Ferra/Torr
56%
Mortal Kombat: Deception Havik
56%
Mortal Kombat: Deadly Alliance Li Mei
56%
Mortal Kombat X Triborg
54%
Mortal Kombat: Deadly Alliance Nitara
53%
Mortal Kombat: Deadly Alliance Blaze
52%
Mortal Kombat X Kung Jin
51%
Mortal Kombat: Deception Onaga
51%
Mortal Kombat 11 Cetrion
50%
Mortal Kombat: Deception Ashrah
49%
Mortal Kombat: Deception Darrius
49%
Mortal Kombat: Deadly Alliance Mokap
47%
Mythologies: Sub-Zero Sareena
47%
Mortal Kombat: Deception Shujinko
46%
Mortal Kombat: Deadly Alliance Mavado
41%
Mortal Kombat: Deadly Alliance Hsu Hao
40%
Mortal Kombat X (Guest) Jason Vorhees
40%
Mortal Kombat: Deception Kobra
39%
Mortal Kombat 1 (Guest) Conan the Barbarian
38%
Mortal Kombat 4 Jarek
36%
Mortal Kombat: Deadly Alliance Moloch
36%
Mortal Kombat: Armageddon Taven
36%
Mortal Kombat: Armageddon Daegon
35%
Mortal Kombat: Deadly Alliance Drahmin
34%
Mortal Kombat: Deception Kira
34%
Mortal Kombat 4 Kai
33%
Mortal Kombat: Deception Dairou
29%
Mortal Kombat: Deception Hotaru
29%
Mortal Kombat X (Guest) Xenomorph (Alien)
16%
Mortal Kombat 1 (Guest) Terminator (T-1000)
15%
Mortal Kombat 11 (Guest) Terminator (T-800)
15%
No matching quizzes found
Score Distribution
Percent of People with Each Score
Percentile by Number Answered
Your Score History
You have not taken this quiz